=LDR 00000nam 2200000 4500 =001 INLIS000000000048798 =005 20170109163648.0 =006 =007 =008 =020 ##$$a 979-8581-82-2 =035 ##$$0010-011700000000079 =082 ##$$a 320.54-Nas-n =100 ##$$a - =245 ##$$a Nasionalisme refleksi kritis kaum ilmuwan =250 ##$$a Cet. 1 =260 ##$$a Yogyakarta $b Pustaka Pelajar $c 1996 =990 ##$$a 0155/BPAP-NTB/2017